000 00522nam a2200169 4500
001 126042
003 ES-MaACL
005 20230906192738.0
007 t|
008 070214s1969 sp r ||||1| spa d
100 1 _aReig, Carola.
_995989
245 1 0 _aLengua española
_b: segundo curso /
_cCarola Reig Salva ; con la colaboración de Rafaela Grau.
260 _aValencia :
_bLópez Mezquita,
_c1969.
300 _a149 p. :
_bil. ;
_c21 cm.
700 1 _aGrau, Rafaela.
_959740
852 _aES-MaACL
_jC-47850
_bR.72014
999 _c126042
_d126042